000 00583nam2a2200205 4500
001 RU\NLR\BIBL_A\022592661
005 20250803042725.0
035 _a(NLR Aleph) 022592661
090 _a13459547
_c13459547
100 _a20250729d2025 |||y0rusy50 ca
101 0 _arus
102 _aRU
200 0 _a2025, № 2 (2)
210 _d2025
461 0 _1001RU\NLR\BIBL_A\022565660
_12001#$aHi home. Екатеринбург$eсетевой интерьерный журнал$v2025, № 2 (2)
852 _aNLR
_jП32/967
942 _cISSUE
980 _aRUSPER
980 _aNB